[Event "7th Salamanca Masters"]
[Site "Salamanca ESP"]
[Date "2024.05.22"]
[Round "1.1"]
[White "Alekseenko, Kirill"]
[Black "Calzetta Ruiz, Monica"]
[Result "1-0"]
[WhiteTitle "GM"]
[BlackTitle "WGM"]
[WhiteElo "2677"]
[BlackElo "2242"]
[WhiteFideId "4135539"]
[BlackFideId "2204185"]
[EventDate "2024.05.22"]

1. e4 c5 2. Nf3 Nc6 3. Bb5 g5 4. h3 Nf6 5. Nc3 Rg8 6. d3 g4 7. hxg4 Nxg4 8. Bf4
Qa5 9. Qd2 e6 10. Bxc6 bxc6 11. e5 Rb8 12. Ne4 Qxd2+ 13. Nfxd2 Rxb2 14. f3 f5
15. exf6 d5 16. Rxh7 Rb7 17. Rxb7 Bxb7 18. Rb1 dxe4 19. f7+ Kxf7 20. Rxb7+ Kg6
21. fxg4 exd3 22. cxd3 1-0

[Event "7th Salamanca Masters"]
[Site "Salamanca ESP"]
[Date "2024.05.22"]
[Round "1.2"]
[White "Salimova, Nurgyul"]
[Black "Adams, Michael"]
[Result "1-0"]
[WhiteTitle "IM"]
[BlackTitle "GM"]
[WhiteElo "2436"]
[BlackElo "2676"]
[WhiteFideId "2915138"]
[BlackFideId "400041"]
[EventDate "2024.05.22"]

1. d4 Nf6 2. Bf4 d5 3. e3 e6 4. Nf3 Bd6 5. Bxd6 Qxd6 6. c4 O-O 7. Nc3 Rd8 8. Rc1
a6 9. c5 Qe7 10. Ne5 Nfd7 11. f4 Nxe5 12. fxe5 Qh4+ 13. g3 Qh6 14. Qf3 Nc6 15.
Qf4 g5 16. Qf3 f6 17. h4 fxe5 18. hxg5 Qxg5 19. Rh5 Qg6 20. Bd3 e4 21. Nxe4 Rf8
22. Qh1 dxe4 23. Bxe4 Qxg3+ 24. Kd2 Qf2+ 25. Kd3 Nb4+ 26. Kc4 Qe2+ 27. Kb3 Rf2
28. Rg5+ Kf8 29. Qh6+ Ke7 30. Rg7+ Rf7 31. Qg5+ Ke8 32. Rg8+ Rf8 33. Rxf8+ Kxf8
34. Rg1 1-0

[Event "7th Salamanca Masters"]
[Site "Salamanca ESP"]
[Date "2024.05.22"]
[Round "1.4"]
[White "Paehtz, Elisabeth"]
[Black "Muzychuk, Mariya"]
[Result "1-0"]
[WhiteTitle "GM"]
[BlackTitle "GM"]
[WhiteElo "2457"]
[BlackElo "2510"]
[WhiteFideId "4641833"]
[BlackFideId "14114550"]
[EventDate "2024.05.22"]

1. d4 Nf6 2. Nf3 d5 3. c3 e6 4. Bf4 Bd6 5. e3 c5 6. Nbd2 Bxf4 7. exf4 Qd6 8. g3
cxd4 9. Nxd4 e5 10. Nb5 Qe7 11. fxe5 Qxe5+ 12. Qe2 Qxe2+ 13. Bxe2 Kd7 14. O-O-O
a6 15. Nd4 Nc6 16. N2b3 Ne4 17. Nc2 Ne7 18. Rhf1 Kc7 19. f3 Nd6 20. Ne3 Be6 21.
f4 Rad8 22. Bf3 Ndf5 23. Nc2 h5 24. Rfe1 Nc6 25. Nc5 Rd6 26. Nb3 g6 27. Nbd4
Rhd8 28. Nxf5 Bxf5 29. Nd4 Bg4 30. Bxg4 hxg4 31. Re2 Nxd4 32. Rxd4 Kc6 33. Re7
R6d7 34. Rxd7 Rxd7 35. f5 gxf5 36. Rf4 Re7 37. Rxf5 Re1+ 38. Kd2 Rh1 39. Rf6+
Kc5 40. Kd3 Rxh2 41. b4+ Kb5 42. Rxf7 Rg2 43. Rxb7+ Kc6 44. Rg7 Rxg3+ 45. Kd4
Rg1 46. Rg6+ Kb5 47. Kxd5 g3 48. a4+ Kxa4 49. Kc4 Ka3 50. Rxa6+ Kb2 51. Rg6 Ka3
52. b5 g2 53. Rg8 Ka2 54. b6 Ka3 1-0

[Event "7th Salamanca Masters"]
[Site "Salamanca ESP"]
[Date "2024.05.22"]
[Round "2.1"]
[White "Calzetta Ruiz, Monica"]
[Black "Muzychuk, Mariya"]
[Result "0-1"]
[WhiteTitle "WGM"]
[BlackTitle "GM"]
[WhiteElo "2242"]
[BlackElo "2510"]
[WhiteFideId "2204185"]
[BlackFideId "14114550"]
[EventDate "2024.05.22"]

1. e4 c6 2. d4 d5 3. exd5 cxd5 4. c4 Nf6 5. Nc3 Nc6 6. Bg5 Be6 7. Nf3 g6 8. Bxf6
exf6 9. c5 Bg7 10. Be2 O-O 11. O-O g5 12. h3 f5 13. Re1 g4 14. hxg4 fxg4 15. Ne5
Nxe5 16. dxe5 Qg5 17. Nxd5 Rad8 18. Bc4 Bxe5 19. Qc1 Qg7 20. Ne7+ Kh8 21. Bxe6
fxe6 22. Rb1 Bf6 0-1

[Event "7th Salamanca Masters"]
[Site "Salamanca ESP"]
[Date "2024.05.22"]
[Round "2.2"]
[White "Iturrizaga Bonelli, Eduardo"]
[Black "Paehtz, Elisabeth"]
[Result "0-1"]
[WhiteTitle "GM"]
[BlackTitle "GM"]
[WhiteElo "2590"]
[BlackElo "2457"]
[WhiteFideId "3901211"]
[BlackFideId "4641833"]
[EventDate "2024.05.22"]

1. c4 Nf6 2. g3 g6 3. Bg2 Bg7 4. Nc3 O-O 5. d4 Nc6 6. e3 d6 7. Nge2 Bd7 8. O-O
e5 9. h3 Re8 10. d5 Na5 11. b3 a6 12. a4 c5 13. dxc6 Bxc6 14. e4 b6 15. Be3 Qb8
16. Nd5 Nxd5 17. cxd5 Bd7 18. Rb1 b5 19. Qd2 b4 20. Nc1 Qb7 21. Na2 Rab8 22.
Rfc1 f5 23. f3 Rf8 24. Qd3 Rf7 25. Bd2 Qb6+ 26. Qe3 Qxe3+ 27. Bxe3 f4 28. Bd2
fxg3 29. Nxb4 Nxb3 30. Nc6 Rb7 31. Nd8 Bxa4 32. Nxb7 Rxb7 33. Rc4 Rb5 34. Be1
Nc5 35. Ra1 Bh6 36. Bxg3 Bb3 37. Rxc5 Rxc5 38. Rxa6 Be3+ 39. Kh2 Rc1 40. h4 Bg1+
41. Kh3 Bc5 42. h5 gxh5 43. Kh4 Rg1 44. Bh3 Rh1 45. Rc6 Ba4 46. Rc7 Bb5 47. Kg5
Rxh3 48. Kf6 Be8 0-1

[Event "7th Salamanca Masters"]
[Site "Salamanca ESP"]
[Date "2024.05.22"]
[Round "2.3"]
[White "Adams, Michael"]
[Black "Ponomariov, Ruslan"]
[Result "1/2-1/2"]
[WhiteTitle "GM"]
[BlackTitle "GM"]
[WhiteElo "2676"]
[BlackElo "2646"]
[WhiteFideId "400041"]
[BlackFideId "14103320"]
[EventDate "2024.05.22"]

1. e4 e5 2. Nf3 Nc6 3. Bb5 Nf6 4. d3 Bc5 5. Ba4 O-O 6. O-O d6 7. c3 Ne7 8. h3
Ng6 9. d4 Bb6 10. Bc2 d5 11. exd5 exd4 12. cxd4 Nxd5 13. Nc3 c6 14. Re1 Ndf4 15.
Bxg6 Nxg6 16. d5 cxd5 17. Bg5 f6 18. Be3 Ba5 19. Qb3 Bxc3 20. bxc3 b6 21. Rad1
Be6 22. Bxb6 Qxb6 23. Qxb6 axb6 24. Rxe6 Rxa2 25. Rxb6 Nf4 26. Nd4 Rfa8 27. h4
R8a7 28. Rb4 Kf7 29. Rdb1 Ne2+ 30. Nxe2 Rxe2 31. Rd4 1/2-1/2

[Event "7th Salamanca Masters"]
[Site "Salamanca ESP"]
[Date "2024.05.23"]
[Round "3.3"]
[White "Paehtz, Elisabeth"]
[Black "Adams, Michael"]
[Result "0-1"]
[WhiteTitle "GM"]
[BlackTitle "GM"]
[WhiteElo "2457"]
[BlackElo "2676"]
[WhiteFideId "4641833"]
[BlackFideId "400041"]
[EventDate "2024.05.22"]

1. e4 e5 2. Nf3 Nc6 3. Bb5 a6 4. Ba4 Nf6 5. d4 exd4 6. O-O Be7 7. e5 Ne4 8. Nxd4
O-O 9. Nf5 d5 10. exd6 Bxf5 11. dxe7 Qxe7 12. Bxc6 bxc6 13. Qf3 Qf6 14. Nc3 Nxc3
15. bxc3 Rfe8 16. Be3 Qg6 17. Rab1 Bxc2 18. Rb7 Re7 19. Bc5 Re5 20. Be3 Rc8 21.
Qf4 Re7 22. Bc5 Rd7 23. Re1 h6 24. Bd4 c5 25. Bxc5 Be4 0-1

[Event "7th Salamanca Masters"]
[Site "Salamanca ESP"]
[Date "2024.05.23"]
[Round "3.4"]
[White "Muzychuk, Mariya"]
[Black "Iturrizaga Bonelli, Eduardo"]
[Result "0-1"]
[WhiteTitle "GM"]
[BlackTitle "GM"]
[WhiteElo "2510"]
[BlackElo "2590"]
[WhiteFideId "14114550"]
[BlackFideId "3901211"]
[EventDate "2024.05.22"]

1. e4 c5 2. Nf3 e6 3. c3 d5 4. exd5 Qxd5 5. d4 Nf6 6. Na3 Nc6 7. Be3 cxd4 8. Nb5
Qd8 9. Nbxd4 Qc7 10. Nxc6 bxc6 11. Qd4 Be7 12. O-O-O O-O 13. Qe5 Qb7 14. Bd3 Rb8
15. Rd2 Nd5 16. Bd4 f6 17. Qe4 g6 18. h4 e5 19. Be3 Ba3 20. Bc4 Bxb2+ 21. Kd1
Be6 22. Bxd5 cxd5 23. Qb4 Qa6 24. Qc5 Ba3 0-1

[Event "7th Salamanca Masters"]
[Site "Salamanca ESP"]
[Date "2024.05.23"]
[Round "4.1"]
[White "Calzetta Ruiz, Monica"]
[Black "Iturrizaga Bonelli, Eduardo"]
[Result "0-1"]
[WhiteTitle "WGM"]
[BlackTitle "GM"]
[WhiteElo "2242"]
[BlackElo "2590"]
[WhiteFideId "2204185"]
[BlackFideId "3901211"]
[EventDate "2024.05.22"]

1. e4 c5 2. Nf3 e6 3. d4 cxd4 4. Nxd4 a6 5. Nc3 b5 6. Bd3 Bb7 7. O-O b4 8. Na4
Nc6 9. Nxc6 Bxc6 10. c4 bxc3 11. Nxc3 Bc5 12. Qe2 Qb6 13. Nd5 Bxd5 14. exd5 Nf6
15. dxe6 fxe6 16. Bg5 O-O 17. Bxf6 gxf6 18. Rac1 f5 19. Rc4 Bd4 20. b3 a5 21.
Rfc1 Kh8 22. Kf1 Rg8 23. Qf3 Raf8 24. Rc7 Qd6 25. g3 Bb6 26. Rb7 Rg7 27. Bb5 e5
28. Qd1 Qh6 29. Bxd7 Bxf2 30. Rc8 Qh3+ 31. Kxf2 Qxh2+ 32. Kf1 Qh3+ 33. Ke2 Qg2+
34. Ke1 Qxg3+ 35. Kd2 Rxd7+ 36. Rxd7 Rxc8 37. Qh5 Qf2+ 38. Kd1 Qf1+ 39. Kd2 Qc1+ 0-1

[Event "7th Salamanca Masters"]
[Site "Salamanca ESP"]
[Date "2024.05.23"]
[Round "4.2"]
[White "Adams, Michael"]
[Black "Muzychuk, Mariya"]
[Result "0-1"]
[WhiteTitle "GM"]
[BlackTitle "GM"]
[WhiteElo "2676"]
[BlackElo "2510"]
[WhiteFideId "400041"]
[BlackFideId "14114550"]
[EventDate "2024.05.22"]

1. e4 e5 2. Nf3 Nc6 3. Bb5 a6 4. Ba4 Nf6 5. d3 b5 6. Bb3 Bc5 7. a4 Rb8 8. Be3
Bxe3 9. fxe3 O-O 10. axb5 axb5 11. O-O d6 12. Nc3 Ne7 13. Nh4 Be6 14. Bxe6 fxe6
15. Qd2 d5 16. exd5 exd5 17. Nf5 b4 18. Ne2 Nxf5 19. Rxf5 Qd6 20. Ng3 Ra8 21.
Raf1 g6 22. R5f3 Nd7 23. Rxf8+ Rxf8 24. Rxf8+ Qxf8 25. e4 d4 26. Nf1 c5 27. b3
Qf6 28. Qd1 h5 29. Nd2 Kf7 30. g3 Ke7 31. Kg2 Qe6 32. Nc4 Nb6 33. Nb2 Nd7 34.
Qd2 Qf6 35. Qh6 Kf7 36. Nc4 Nf8 37. Qc1 Nd7 38. Qa1 g5 39. h3 h4 40. Qd1 hxg3
41. Qh5+ Kg7 42. Qg4 Qf2+ 0-1

[Event "7th Salamanca Masters"]
[Site "Salamanca ESP"]
[Date "2024.05.23"]
[Round "4.3"]
[White "Alekseenko, Kirill"]
[Black "Paehtz, Elisabeth"]
[Result "1-0"]
[WhiteTitle "GM"]
[BlackTitle "GM"]
[WhiteElo "2677"]
[BlackElo "2457"]
[WhiteFideId "4135539"]
[BlackFideId "4641833"]
[EventDate "2024.05.22"]

1. e4 c5 2. Nf3 Nc6 3. Nc3 e5 4. Bc4 g6 5. d3 h6 6. a3 Nf6 7. O-O d6 8. h3 Bg7
9. b4 b6 10. Rb1 O-O 11. Nd5 Be6 12. bxc5 bxc5 13. Ne3 Qd7 14. Bd2 Rab8 15. Bxe6
Qxe6 16. c4 Rxb1 17. Qxb1 Rb8 18. Qc2 Nd4 19. Nxd4 exd4 20. Nd1 Nh5 21. f4 f5
22. Nf2 Ng3 23. Re1 fxe4 24. Nxe4 Nxe4 25. Rxe4 Qd7 26. Qd1 Re8 27. Rxe8+ Qxe8
28. a4 Qd7 29. a5 Kh7 30. Qf3 h5 31. g4 hxg4 32. hxg4 a6 33. Kf2 Qa4 34. f5 gxf5
35. Qxf5+ Kh8 36. Qh5+ Kg8 37. Qd5+ Kh7 38. Qe4+ Kh8 39. Bf4 Qc2+ 40. Kg3 Qd1
41. Kh4 Qa4 42. Bxd6 Qxa5 43. Qe8+ Kh7 44. g5 Qd2 45. Qe4+ Kg8 46. Bf4 Qf2+ 47.
Kh5 Kf8 48. Kg6 Qf1 49. Qf5+ 1-0

[Event "7th Salamanca Masters"]
[Site "Salamanca ESP"]
[Date "2024.05.23"]
[Round "4.4"]
[White "Salimova, Nurgyul"]
[Black "Ponomariov, Ruslan"]
[Result "0-1"]
[WhiteTitle "IM"]
[BlackTitle "GM"]
[WhiteElo "2436"]
[BlackElo "2646"]
[WhiteFideId "2915138"]
[BlackFideId "14103320"]
[EventDate "2024.05.22"]

1. d4 Nf6 2. Bg5 d5 3. Nd2 e6 4. e3 h6 5. Bh4 c5 6. Ngf3 Nc6 7. c3 Qb6 8. Rb1 g5
9. Bg3 Nh5 10. Be5 Rg8 11. g4 f6 12. dxc5 Bxc5 13. Bd4 Bxd4 14. cxd4 Ng7 15. Qc2
Kf7 16. h4 Bd7 17. hxg5 hxg5 18. Rh6 Ne7 19. e4 Rh8 20. Rxh8 Rxh8 21. e5 f5 22.
Nxg5+ Ke8 23. Rc1 fxg4 24. Nh7 Ngf5 25. Nf6+ Kd8 26. Nb3 Ba4 27. Qc5 Bxb3 28.
axb3 Nxd4 29. Qxb6+ axb6 30. Nxg4 Rh4 31. Ne3 Nec6 32. Ra1 Nxe5 33. Ra7 Kc8 34.
Ra8+ Kc7 35. b4 Rh1 36. Rg8 Ndf3+ 37. Ke2 d4 38. Rg7+ Kb8 39. Rg8+ Ka7 40. Nd1
d3+ 41. Ke3 Rxf1 42. Nc3 b5 43. Nxb5+ Kb6 44. Nc3 Re1+ 45. Kf4 d2 46. Rd8 Kc7 0-1

[Event "7th Salamanca Masters"]
[Site "Salamanca ESP"]
[Date "2024.05.24"]
[Round "5.1"]
[White "Ponomariov, Ruslan"]
[Black "Calzetta Ruiz, Monica"]
[Result "1-0"]
[WhiteTitle "GM"]
[BlackTitle "WGM"]
[WhiteElo "2646"]
[BlackElo "2242"]
[WhiteFideId "14103320"]
[BlackFideId "2204185"]
[EventDate "2024.05.22"]

1. e4 c5 2. Nf3 Nc6 3. d4 cxd4 4. Nxd4 g6 5. c4 Nf6 6. Nc3 d6 7. Be2 Bg7 8. Be3
O-O 9. O-O Bd7 10. Qd2 Nxd4 11. Bxd4 Bc6 12. f3 Nd7 13. Be3 a5 14. b3 Nc5 15.
Rab1 e6 16. Nd1 b6 17. Bg5 Qc7 18. Nf2 f6 19. Bh4 Rfd8 20. Ng4 g5 21. Bf2 Qe7
22. Rfe1 h5 23. Ne3 Bh6 24. Nc2 Qg7 25. Be3 Rac8 26. Nd4 Bd7 27. a3 Kh8 28. b4
axb4 29. axb4 Nb7 30. Ra1 Ra8 31. Nb3 Ba4 32. Bxb6 Bxb3 33. Bxd8 Rxd8 34. Qc3 g4
35. fxg4 f5 36. Qxb3 fxg4 37. Kh1 Bf4 38. Ra7 Rd7 39. c5 Qd4 40. Qxe6 dxc5 41.
Bc4 1-0

[Event "7th Salamanca Masters"]
[Site "Salamanca ESP"]
[Date "2024.05.24"]
[Round "5.3"]
[White "Muzychuk, Mariya"]
[Black "Alekseenko, Kirill"]
[Result "0-1"]
[WhiteTitle "GM"]
[BlackTitle "GM"]
[WhiteElo "2510"]
[BlackElo "2677"]
[WhiteFideId "14114550"]
[BlackFideId "4135539"]
[EventDate "2024.05.22"]

1. d4 Nf6 2. c4 e6 3. Nc3 Bb4 4. e3 O-O 5. Bd3 d6 6. Ne2 c6 7. O-O e5 8. Qc2 Ba5
9. a3 Re8 10. b4 Bc7 11. Bb2 Nbd7 12. Ng3 Nf8 13. Rad1 exd4 14. exd4 d5 15. cxd5
cxd5 16. Rfe1 Bg4 17. Be2 Bxe2 18. Ncxe2 Ne6 19. Qd3 a5 20. b5 a4 21. Rc1 g6 22.
Rc2 h5 23. h3 Qd7 24. Rec1 Bd6 25. Nf1 h4 26. Rb1 Nh5 27. Bc1 Rac8 28. Nh2 Bxh2+
29. Kxh2 Qd6+ 30. f4 Nexf4 31. Bxf4 Nxf4 32. Nxf4 Qxf4+ 33. Kh1 Rxc2 34. Qxc2
Qxd4 35. Rd1 Qc4 36. Qxc4 dxc4 37. Rd7 c3 38. Rc7 Re5 39. b6 Rb5 40. Rxc3 Rxb6
41. Rc4 Rb1+ 42. Kh2 b5 43. Rc6 0-1

[Event "7th Salamanca Masters"]
[Site "Salamanca ESP"]
[Date "2024.05.24"]
[Round "5.4"]
[White "Iturrizaga Bonelli, Eduardo"]
[Black "Adams, Michael"]
[Result "1/2-1/2"]
[WhiteTitle "GM"]
[BlackTitle "GM"]
[WhiteElo "2590"]
[BlackElo "2676"]
[WhiteFideId "3901211"]
[BlackFideId "400041"]
[EventDate "2024.05.22"]

1. c4 Nf6 2. g3 e6 3. Bg2 d5 4. d4 Bb4+ 5. Bd2 Be7 6. Nf3 O-O 7. O-O Nbd7 8. Qc2
c6 9. Bf4 b6 10. Nbd2 Nh5 11. e3 Nxf4 12. exf4 Bb7 13. cxd5 cxd5 14. Rfe1 Rc8
15. Qb3 Nb8 16. Ne5 Nc6 17. Nxc6 Bxc6 18. Nf3 Qd6 19. a3 Rfd8 20. Bf1 Rc7 21.
Bd3 Bf6 22. Ne5 Be8 23. h4 b5 24. f5 exf5 25. Bxf5 g6 26. Bh3 Re7 27. Qc3 Qc7
28. Qxc7 Rxc7 29. Rac1 Rxc1 30. Rxc1 Bxe5 31. dxe5 d4 32. Rc8 Rxc8 33. Bxc8 f6
34. exf6 Kf7 35. Kf1 Kxf6 36. Ke2 b4 37. axb4 Bb5+ 38. Kd2 h6 39. Bg4 g5 40.
hxg5+ hxg5 41. Be2 Bd7 42. Kd3 Bb5+ 43. Kd2 Bd7 44. Kd3 Bb5+ 45. Ke4 1/2-1/2

[Event "7th Salamanca Masters"]
[Site "Salamanca ESP"]
[Date "2024.05.25"]
[Round "6.1"]
[White "Calzetta Ruiz, Monica"]
[Black "Adams, Michael"]
[Result "1/2-1/2"]
[WhiteTitle "WGM"]
[BlackTitle "GM"]
[WhiteElo "2242"]
[BlackElo "2676"]
[WhiteFideId "2204185"]
[BlackFideId "400041"]
[EventDate "2024.05.22"]

1. e4 e5 2. Nf3 Nc6 3. Bb5 a6 4. Ba4 Nf6 5. O-O Be7 6. Re1 b5 7. Bb3 O-O 8. d4
d6 9. c3 Bg4 10. d5 Na5 11. Bc2 Qc8 12. h3 Bd7 13. Nbd2 c6 14. dxc6 Qxc6 15. Nf1
Rfe8 16. Ng3 Nc4 17. a4 Rac8 18. axb5 axb5 19. b3 Nb6 20. Bd2 Ra8 21. Qe2 Rxa1
22. Rxa1 Ra8 23. Qf1 Ne8 24. Bd3 Nc7 25. Be3 h6 26. Rxa8+ Nbxa8 27. Qa1 Be6 28.
Qa5 Bxb3 29. Nf5 Bf6 30. Qb4 Bc4 31. Bxc4 bxc4 32. Qxd6 Qxd6 33. Nxd6 Be7 34.
Nxc4 Nb5 35. Nfxe5 Nxc3 36. f3 Nc7 37. Kf1 Ne6 38. Nc6 Bg5 39. Bxg5 hxg5 40. g3
f6 41. Kf2 Nb5 42. Ke3 Kf7 43. Nb6 Nd6 44. f4 gxf4+ 45. gxf4 g5 46. fxg5 Nxg5
47. e5 fxe5 48. Nxe5+ Ke6 49. Nd3 1/2-1/2

[Event "7th Salamanca Masters"]
[Site "Salamanca ESP"]
[Date "2024.05.25"]
[Round "6.3"]
[White "Salimova, Nurgyul"]
[Black "Muzychuk, Mariya"]
[Result "1/2-1/2"]
[WhiteTitle "IM"]
[BlackTitle "GM"]
[WhiteElo "2436"]
[BlackElo "2510"]
[WhiteFideId "2915138"]
[BlackFideId "14114550"]
[EventDate "2024.05.22"]

1. d4 d5 2. Nf3 Nf6 3. Bf4 Bf5 4. Nh4 Be4 5. f3 Bg6 6. Nc3 e6 7. Qd2 Nh5 8. Bg5
Be7 9. Bxe7 Qxe7 10. g3 c5 11. dxc5 Qxc5 12. e4 dxe4 13. O-O-O O-O 14. Nxg6 hxg6
15. Nxe4 Qc7 16. Qd6 Qa5 17. Qc5 Qxa2 18. Nc3 Qa1+ 19. Kd2 Rd8+ 20. Bd3 Qa6 21.
Ke2 Qb6 22. Bxg6 Nc6 23. Qxb6 axb6 24. Bxh5 Nd4+ 25. Kf2 Nxc2 26. f4 Nb4 27. Be2
Kf8 28. h4 Ke7 29. h5 Nc6 30. Bf3 Na5 31. Rxd8 Rxd8 32. Rd1 Rc8 33. Rd4 Rc7 34.
Rb4 Nc4 35. Na4 Nd6 36. Rxb6 Rc2+ 37. Ke1 Rc1+ 38. Kd2 Rg1 39. b3 Rxg3 40. Bxb7
Rh3 41. Nc3 Rxh5 42. Bf3 Rh4 43. Ne2 Rh3 44. Bg2 Rh2 45. Bf3 Rf2 46. Ke3 Rf1 47.
Ng3 Rb1 48. Be2 g6 49. Kf2 Rb2 50. Rb8 Kf6 51. Ke3 g5 52. fxg5+ Kxg5 53. Bd3 f5
54. Ne2 e5 55. Rb6 f4+ 56. Kf2 Nf5 57. Kf3 Nh4+ 58. Ke4 f3 59. Ng3 f2 60. Nf1
Kg4 61. Kxe5 Nf3+ 62. Kd5 Nd2 63. Rg6+ Kh4 64. Rh6+ Kg5 65. Rg6+ Kh4 66. Rf6
Rxb3 67. Be2 Nxf1 68. Bxf1 Kg3 69. Rg6+ Kf3 70. Rf6+ Ke3 71. Re6+ Kf3 72. Rf6+
Ke3 73. Re6+ Kf3 1/2-1/2

[Event "7th Salamanca Masters"]
[Site "Salamanca ESP"]
[Date "2024.05.25"]
[Round "6.4"]
[White "Ponomariov, Ruslan"]
[Black "Paehtz, Elisabeth"]
[Result "1-0"]
[WhiteTitle "GM"]
[BlackTitle "GM"]
[WhiteElo "2646"]
[BlackElo "2457"]
[WhiteFideId "14103320"]
[BlackFideId "4641833"]
[EventDate "2024.05.22"]

1. d4 d5 2. c4 e6 3. Nc3 h6 4. Nf3 Nf6 5. a3 a6 6. c5 Nc6 7. b4 g5 8. Bb2 Bg7 9.
e3 Bd7 10. Bd3 Qe7 11. Qc2 Rc8 12. Ne2 Kf8 13. Ng3 g4 14. Ne5 h5 15. h3 h4 16.
Ne2 gxh3 17. Nxd7+ Nxd7 18. Rxh3 Qg5 19. Rh2 Nf6 20. Ng1 Ng4 21. Nf3 Qf6 22. Rh3
Re8 23. O-O-O Rh6 24. Kb1 Ke7 25. e4 dxe4 26. Bxe4 Rd8 27. g3 Kf8 28. gxh4 Rh5
29. Rg3 Nh6 30. Rxg7 Qxg7 31. d5 Qg4 32. Rg1 Qxg1+ 33. Nxg1 exd5 34. Bf3 Rf5 35.
Bc1 1-0

[Event "7th Salamanca Masters"]
[Site "Salamanca ESP"]
[Date "2024.05.25"]
[Round "7.2"]
[White "Muzychuk, Mariya"]
[Black "Ponomariov, Ruslan"]
[Result "0-1"]
[WhiteTitle "GM"]
[BlackTitle "GM"]
[WhiteElo "2510"]
[BlackElo "2646"]
[WhiteFideId "14114550"]
[BlackFideId "14103320"]
[EventDate "2024.05.22"]

1. e4 e5 2. Nf3 Nc6 3. Nc3 Nf6 4. d4 Bb4 5. Nxe5 Qe7 6. Qd3 Nxd4 7. Qxd4 Bc5 8.
Qd3 Qxe5 9. Be3 Bxe3 10. Qxe3 d6 11. O-O-O O-O 12. f3 Be6 13. Kb1 Qa5 14. g4 b5
15. b3 b4 16. Ne2 Nd7 17. Nd4 Qb6 18. Be2 Nc5 19. Rhg1 Kh8 20. h4 a5 21. h5 a4
22. h6 g6 23. Qd2 Ra5 24. g5 f6 25. gxf6 Bf7 26. Bc4 axb3 27. Bxb3 Nxb3 28. Nxb3
Ra7 29. Qd4 Qa6 30. Qb2 Rfa8 31. Rge1 Qc6 32. Rd2 Qc3 33. Red1 Rxa2 34. Qxa2
Rxa2 35. Kxa2 Qxf6 36. Rd3 Kg8 37. Kb1 Qf4 38. Na5 Qxh6 39. e5 dxe5 40. Rd8+ Kg7
41. R8d7 Qf4 42. Nc6 Kh6 43. Nxe5 Be6 44. Ng4+ Kg5 45. Rxh7 Qxf3 0-1

[Event "7th Salamanca Masters"]
[Site "Salamanca ESP"]
[Date "2024.05.25"]
[Round "7.3"]
[White "Iturrizaga Bonelli, Eduardo"]
[Black "Salimova, Nurgyul"]
[Result "1-0"]
[WhiteTitle "GM"]
[BlackTitle "IM"]
[WhiteElo "2590"]
[BlackElo "2436"]
[WhiteFideId "3901211"]
[BlackFideId "2915138"]
[EventDate "2024.05.22"]

1. c4 e5 2. g3 d5 3. cxd5 Qxd5 4. Nf3 Nc6 5. Nc3 Qd6 6. Bg2 Nf6 7. O-O Be7 8. b3
Nd4 9. Ne1 c6 10. e3 Nf5 11. Nf3 h6 12. Qc2 Qc5 13. Bb2 Be6 14. Rac1 Nd7 15.
Rfd1 Qa5 16. a3 O-O 17. b4 Qd8 18. Ne2 a5 19. d4 axb4 20. axb4 Bxb4 21. dxe5 Qb6
22. Nf4 Rfd8 23. Nxe6 fxe6 24. Bh3 Kh8 25. Bxf5 exf5 26. e6 Nf8 27. Qxf5 Rxd1+
28. Rxd1 Qc5 29. Ne5 Re8 30. Nf7+ Kg8 31. Nxh6+ Kh8 32. Qf7 1-0

[Event "7th Salamanca Masters"]
[Site "Salamanca ESP"]
[Date "2024.05.25"]
[Round "7.4"]
[White "Adams, Michael"]
[Black "Alekseenko, Kirill"]
[Result "1-0"]
[WhiteTitle "GM"]
[BlackTitle "GM"]
[WhiteElo "2676"]
[BlackElo "2677"]
[WhiteFideId "400041"]
[BlackFideId "4135539"]
[EventDate "2024.05.22"]

1. e4 e5 2. Nf3 Nc6 3. Bb5 a6 4. Ba4 d6 5. c4 Nf6 6. Nc3 Bg4 7. h3 Bxf3 8. Qxf3
Nd7 9. Bxc6 bxc6 10. d3 Nc5 11. O-O Be7 12. Ne2 O-O 13. d4 exd4 14. Nxd4 Qe8 15.
Be3 Bf6 16. Rad1 Nxe4 17. Rfe1 Bxd4 18. Bxd4 f5 19. c5 Qf7 20. Qa3 d5 21. f3 Ng5
22. Qe3 h6 23. h4 Rae8 24. Be5 Ne6 25. b4 Re7 26. Re2 Rb8 27. a3 Nf8 28. Qd3 Ng6
29. Bg3 f4 30. Rxe7 Nxe7 31. Bf2 Ra8 32. Re1 a5 33. b5 Nf5 34. b6 cxb6 35. cxb6
Qf6 36. h5 Rb8 37. Bc5 Ne3 38. Bxe3 fxe3 39. Qxe3 d4 40. Qb3+ Qf7 41. Qb2 Qd5
42. Re7 c5 43. b7 c4 44. Qb6 d3 45. Rxg7+ Kxg7 46. Qc7+ Kf6 47. Qxb8 Qd4+ 48.
Kf1 Qa1+ 49. Kf2 Qa2+ 50. Kg3 Qb1 51. Qd6+ Kf5 52. Qf4+ Ke6 53. Qxc4+ Kd7 54.
Qc8+ Ke7 55. b8=Q Qe1+ 56. Kh3 Qh1+ 57. Qh2 1-0